01601nam a2200361 a 4500001001000000003000500010005001700015008004100032010001100073011001100084040000900095090001000104100003700114245017600151260004500327500006000372502012200432590004100554590004000595590004000635590004000675650003500715650003600750650003300786650003200819856007000851901000700921942001000928942000600938999001900944952014000963952013601103000111184CHAP20220329144201.0150115s2014 mx sm |||||||spa d a107646 a108618 cCHAP aTesis1 aMorales Ortega, Gilberto912900610aDeterminación de la huella hídrica en trigo (Triticum vulgare) irrigado por gravedad en el DR-014 Mexicali, Baja Californiah[En línea]cpor Gilberto Morales Ortega. aBermejillo, Durango. :bEl autor,c2014. aPara ver el contenido del material haga clic en la liga aTesis (Ing. Agr. Esp. en Sistemas Agrícolas de Zonas Aridas) -- UACH. Unidad Regional Universitaria de Zonas Aridas aE11695DGDb10c20150202lUCH01h1310 aE5765TAJb05c20150115lUCH01h0932 aE5765TAJb05c20150115lUCH01h0933 aE5765TAJb05c20150115lUCH01h095914aTrigoxAgua requerida.911495614aTrigoxBaja California.911498114aTrigoxIrrigación.911505014aTrigoxRendimiento.9115092 aFinding aiduhttp://10.13.5.2/tesis/sist111184.pdfzTeclea aquí aBK cTESIS n0 c107646d107646 00102local4053708TESISaBCbBCcPA_TESISd2015-01-15fTESISl0oTesisp33724002439314r2019-12-31 00:00:00tc.2w2019-12-31yTESIS 00104054718TESISaBCbBCd2015-01-15fTESISl0oTesisp33724002439355r2019-12-31 00:00:00w2019-12-31yTESISzRecien adquirido